| 000 | 00789nam a22002297a 4500 | ||
|---|---|---|---|
| 001 | 111003 | ||
| 003 | UA-OsUOA | ||
| 005 | 20220511111440.0 | ||
| 007 | ta | ||
| 008 | 20150424b un ||||| |||| 00| 0 ukr d | ||
| 040 |
_aUA-OsUOA _bukr _cUA-OsUOA _dUA-OsUOA |
||
| 041 | _aukr | ||
| 080 | _a339.137(082) | ||
| 090 |
_a339.137(082) _bС24 |
||
| 245 |
_aСвітовий досвід захисту конкуренції _bзбірник наукових праць студентів магістратури _cЗ. М. Борисенко _nч. 1 |
||
| 260 |
_aК. _bНаУКМА _c2010 |
||
| 300 | _a42 с. | ||
| 650 | 7 |
_a339.1 Загальні питання торгівлі. Ринок _2UDC |
|
| 942 |
_cBK _2udc |
||
| 955 | _a1 | ||
| 999 |
_c397276 _d397276 |
||